000 01376ny a22003253n 4500
005 20240305165319.0
008 020312s2001 sp s 000 0 spa c
017 _aD.L. M.20617-2001
020 _a8480044705
035 _a407
040 _aUMA.DER
_dvLex
040 _aUMA.RE
_dvLex
080 _a342.738
090 _c667
_d667
100 1 _aOtero González, María del Pilar
245 1 0 _aJusticia y secreto profesional
_h[Recurso electrónico]
_cMª del Pilar Otero González
256 _aServicio en línea
260 _aMadrid :
_bEditorial Centro de Estudios Ramón Areces :
_bUniversidad Carlos III de Madrid,
_cD.L. 2001
300 _aXIII, 113 p. ;
_c24 cm
504 _aBibliogr. : p. [105]-113
506 1 _aContenido solo disponible en los productos indicados
_dvLex Global
_dvLex Global (Academic Edition, excluding Law Schools)
_dvLex Global (U.S. Academic Edition, Law Schools)
_dvLex Global (U.S. Academic Edition, excluding Law Schools)
_dvLex Global (Academic Edition, Law Schools)
650 0 7 _aDatos personales
_2Tesauro vLex
650 0 7 _aCivil
_2Tesauro vLex
650 0 7 _aProtección de datos personales
_2Tesauro vLex
710 2 _aCentro de Estudios Ramón Areces (Madrid)
710 2 _aUniversidad Carlos III de Madrid
740 0 _avLex Libros (Servicios en línea)
856 4 0 _uhttps://app.vlex.com/#/sources/407
942 _cRAA
999 _c159187
_d159187